Éden (Record no. 5075)

MARC details
000 -CABECERA
campo de control de longitud fija 02426nam a22002537a 4500
008 - DATOS DE LONGITUD FIJA--INFORMACIÓN GENERAL
campo de control de longitud fija 251021b |||||||| |||| 00| 0 eng d
020 ## - NÚMERO INTERNACIONAL ESTÁNDAR DEL LIBRO
Número Internacional Estándar del Libro 9791038703094
040 ## - FUENTE DE LA CATALOGACIÓN
Centro/agencia transcriptor tbs
041 ## - CÓDIGO DE LENGUA
Código de lengua del texto/banda sonora o título independiente fre
Código de lengua original ice
100 ## - ENTRADA PRINCIPAL--NOMBRE DE PERSONA
Nombre de persona Ólafsdóttir, Auður Ava
Fechas asociadas al nombre 1958-
9 (RLIN) 26252
Término indicativo de función/relación author
240 ## - TÍTULO UNIFORME
Título uniforme Eden.
Lenguaje de la obra French.
245 ## - MENCIÓN DE TÍTULO
Título Éden
Mención de responsabilidad, etc. / Auður Ava Ólafsdóttir ; tranlsated by Éric Boury.
260 ## - PUBLICACIÓN, DISTRIBUCIÓN, ETC.
Lugar de publicación, distribución, etc. Paris :
Nombre del editor, distribuidor, etc. Éditions Zulma,
Fecha de publicación, distribución, etc. 2023.
300 ## - DESCRIPCIÓN FÍSICA
Extensión 215 pages ;
Dimensiones 18 cm.
520 ## - SUMARIO, ETC.
Sumario, etc. Alba voyage aux quatre coins du monde pour des colloques sur les langues en voie d'extinction. De retour à Reykjavik, elle fait le compte : pour compenser son empreinte carbone, il lui faudrait planter 5 600 arbres. Ni une ni deux, elle repère un terrain de roche, de lave et de sable avec une petite maison. Rien n'est censé pousser là mais Alba y projette déjà une colonie de bouleaux. Peu à peu, Alba tente d'apprivoiser son jardin d'Eden. Elle s'équipe au rayon bricolage de la boulangerie, prête l'oreille à son voisin qui lutte contre un projet d'usine à glaçons, et s'attache à un jeune réfugié prêt à absorber tout le dictionnaire. Ode au pouvoir infini des mots, Eden explore notre faculté à déjouer les paradoxes de l'existence, à nous réinventer. Un régal d'humour et d'humanité.
520 ## - SUMARIO, ETC.
Sumario, etc. Alba travels to every corner of the world for conferences on endangered languages. Back in Reykjavik, she does the math: to offset her carbon footprint, she would need to plant 5,600 trees. Without hesitation, she finds a plot of rock, lava, and sand with a small house. Nothing is supposed to grow there, yet Alba already envisions a colony of birch trees.<br/><br/>Little by little, she tries to tame her own Garden of Eden. She stocks up on tools from the bakery’s hardware section, listens to her neighbor who is fighting against a proposed ice factory, and grows fond of a young refugee eager to absorb every word in the dictionary.<br/><br/>An ode to the infinite power of language, Eden explores our ability to overcome life’s paradoxes and reinvent ourselves. A delightful blend of humor and humanity.
650 #0 - PUNTO DE ACCESO ADICIONAL DE MATERIA--TÉRMINO DE MATERIA
Término de materia o nombre geográfico como elemento de entrada Human ecology
Subdivisión de forma Fiction
9 (RLIN) 26254
650 #0 - PUNTO DE ACCESO ADICIONAL DE MATERIA--TÉRMINO DE MATERIA
Término de materia o nombre geográfico como elemento de entrada Human Beings
Subdivisión general Influence on Nature
Subdivisión de forma Fiction
9 (RLIN) 26255
650 #0 - PUNTO DE ACCESO ADICIONAL DE MATERIA--TÉRMINO DE MATERIA
Término de materia o nombre geográfico como elemento de entrada Choice (Psychology)
Subdivisión de forma Fiction
9 (RLIN) 26256
650 #0 - PUNTO DE ACCESO ADICIONAL DE MATERIA--TÉRMINO DE MATERIA
Término de materia o nombre geográfico como elemento de entrada Change (Psychology)
Subdivisión de forma Fiction
9 (RLIN) 26257
650 #0 - PUNTO DE ACCESO ADICIONAL DE MATERIA--TÉRMINO DE MATERIA
Término de materia o nombre geográfico como elemento de entrada Rural life
Subdivisión geográfica Iceland
Subdivisión de forma Fiction
9 (RLIN) 26258
700 ## - ENTRADA AGREGADA--NOMBRE PERSONAL
Nombre de persona Boury, Éric
9 (RLIN) 26259
Término indicativo de función/relación translator
942 ## - ELEMENTOS DE ENTRADA AGREGADA (KOHA)
Fuente del sistema de clasificación o colocación Clasificación de Library of Congress
Holdings
Estado de retiro Estado de pérdida Fuente del sistema de clasificación o colocación Estado dañado No para préstamo Biblioteca de origen Biblioteca actual Fecha de adquisición Total de préstamos Signatura topográfica completa Código de barras Fecha visto por última vez Número de copia Precio válido a partir de Tipo de ítem Koha
    Clasificación de Library of Congress     TBS Barcelona TBS Barcelona 21/10/2025   P-FR OLA B07720 21/10/2025 1 21/10/2025 Book

Powered by Koha